|
|
|
|
| LEADER |
01077cam a2200301 a 4500 |
| 001 |
AAL1040 |
| 003 |
BD-DhAAL |
| 005 |
20161005092614.0 |
| 008 |
950815s1996 meua b 001 0 eng |
| 010 |
|
|
|a 95038019
|
| 020 |
|
|
|a 0131835262
|
| 040 |
|
|
|a DLC
|c DLC
|d DLC
|
| 050 |
0 |
0 |
|a GE195.7
|b .T48 1996
|
| 082 |
0 |
0 |
|a 363.7
|2 20
|
| 100 |
1 |
|
|a Theodore, Mary K.
|9 20564
|
| 245 |
1 |
0 |
|a Major environmental issues facing the 21st century /
|c Mary K. Theodore, Louis Theodore.
|
| 260 |
|
|
|a Upper Saddle River, NJ :
|b Prentice Hall,
|c 1996.
|
| 300 |
|
|
|a x, 502 p. :
|b ill. ;
|c 24 ccm.
|
| 504 |
|
|
|a Includes bibliographical references and index.
|
| 541 |
|
|
|e 1040
|
| 650 |
|
0 |
|a Environmental responsibility.
|9 20565
|
| 650 |
|
0 |
|a Environmental protection.
|9 20566
|
| 650 |
|
0 |
|a Environmental sciences.
|9 20567
|
| 700 |
1 |
|
|a Theodore, Louis.
|9 20568
|
| 852 |
|
|
|a Savar Campus Library
|c General Shelf
|
| 942 |
|
|
|2 ddc
|c BK
|
| 999 |
|
|
|c 37852
|d 37852
|
| 952 |
|
|
|0 0
|1 0
|2 ddc
|4 0
|6 363_700000000000000_THE
|7 0
|9 59690
|a SCL
|b SCL
|c GEN
|d 2016-10-05
|l 0
|o 363.7 THE
|p 3020001040
|r 2016-10-05
|t 1
|w 2016-10-05
|y BK
|